Missing Word: Marvel Movies Quiz Stats

 Plays Quiz Updated Sep 8, 2014

Challenge
Share
Tweet
Embed
Score 0/16 Timer 02:00
8 Plays Today
Movie Missing Word % Correct
Iron ___Man
98.1%
X-Men: _____ ClassFirst
92.9%
Guardians of the ______Galaxy
91.7%
Fantastic Four: Rise of the ______ SurferSilver
90.9%
The Incredible ____Hulk
89.2%
The Amazing __________Spider-Man
88.1%
X-Men: Days of ______ PastFuture
82.7%
Captain America: The ______ SoldierWinter
81.1%
Movie Missing Word % Correct
X-Men: The Last _____Stand
81%
X-Men Origins: _________Wolverine
79.6%
Captain America: The First _______Avenger
78.2%
______ the DuckHoward
74.5%
Thor: The Dark _____World
72.1%
Blade: _______Trinity
52%
Ghost Rider: Spirit of _________Vengeance
37.3%
Punisher: War ____Zone
32.2%

Today's Daily Dose

You're not logged in!

Compare scores with friends on all Sporcle quizzes.
Join for Free
OR
Log In

You Might Also Like...

Show Comments

Extras

Top Quizzes Today


Score Distribution

Your Account Isn't Verified!

In order to create a playlist on Sporcle, you need to verify the email address you used during registration. Go to your Sporcle Settings to finish the process.

Report this User

Report this user for behavior that violates our Community Guidelines.

Details: